Star Wars Jedi Quiz - Statistics

General Stats
  • This quiz has been taken 112 times
  • The average score is 14 of 22
Answer Stats
Hint Answer % Correct
The Chosen One Anakin
100%
The Grand Master Yoda
100%
I Am A Jedi, Like My Father Before Me Luke
98%
The Chosen One's Master Obi Wan
98%
Black Jedi Mace Windu
93%
Kylo Ren's Real Name Ben Solo
80%
Jedi With A LARGE Forehead Ki Adi Mundi
76%
Doesn't Follow The Rules Qui Gon
75%
The Girl Version Of Yoda Yaddle
75%
Guy Who Was Shot Down In A Ship During Order 66 Plo Koon
74%
Protagonist During The Sequels Rey
72%
Nautalan Jedi With Built In Dreadlocks Kit Fisto
69%
Protagonist Of Jedi Fallen Order Cal Kestis
64%
Togruta Jedi From The Clone Wars Ahsoka Tano
59%
Twi'lek Jedi Killed During Order 66 Aayla Secura
57%
The Librarian Jocasta Nu
43%
Barris Offee's Padawan Luminara Unduli
41%
Guy With A Brown Head With Spikes On It And Killed By Palpatine Agen Kolar
28%
The Woman Who Helps Cal In Jedi Fallen Order Cere Junda
20%
Cal Kestis's Master Jaro Tapal
20%
Snake Like Jedi From The Phantom Menace Oppo Rancisis
20%
Weakest Jedi Coleman Trebor
18%
No matching quizzes found
Score Distribution
Percent of People with Each Score
Percentile by Number Answered
Your Score History
You have not taken this quiz